FUZZY SETS AND FUZZY LOGIC: theory and applications (Record no. 1250)

MARC details
000 -LEADER
fixed length control field 00453nam a22001697a 4500
005 - DATE AND TIME OF LATEST TRANSACTION
control field 20180208130514.0
008 - FIXED-LENGTH DATA ELEMENTS--GENERAL INFORMATION
fixed length control field 160521b xxu||||| |||| 00| 0 eng d
020 ## - INTERNATIONAL STANDARD BOOK NUMBER
ISBN 81-203-1136-1
041 ## - LANGUAGE CODE
Language code of text/sound track or separate title eng
082 ## - DEWEY DECIMAL CLASSIFICATION NUMBER
Item number 3657
Classification number 511.3223
100 ## - MAIN ENTRY--AUTHOR NAME
Personal name George J. Klir / Bo, Yuan
245 ## - TITLE STATEMENT
Title FUZZY SETS AND FUZZY LOGIC: theory and applications
260 ## - PUBLICATION, DISTRIBUTION, ETC. (IMPRINT)
Place of publication New Delhi
Name of publisher PHI,
Year of publication 2003
300 ## - PHYSICAL DESCRIPTION
Number of Pages 486
650 ## - SUBJECT ADDED ENTRY--TOPICAL TERM
Topical Term Information Technology
942 ## - ADDED ENTRY ELEMENTS (KOHA)
Koha item type Books
Holdings
Lost status Damaged status Collection code Home library Current library Shelving location Date acquired Full call number Accession Number Koha item type
    Reference JRU Library   SHELF -72- H 21/05/2016 3657 3657 Books
    CS/IT JRU Library JRU Library SHELF-52-C 21/05/2016 511.3223 3658 Books